00157nam a2200061Ia 4500008004100000100001500041245003900056120527s9999 xx 000 0 und d aF.R.B.KC.I aRestructuring the finacial systems